000 00600nam a22002177a 4500
001 00028645
005 20260325100624.0
008 260325b ag ||||| |||| 00| 0 spa d
020 _a9879887700
040 _aAR-CcCEOS
_bspa
_cAR-CcCEOS
041 _aspa
080 _a159.94
090 _bCOU
100 _aOsvaldo M. Couso
_9967
245 _aFormulaciones de lo ignorado :
_bEstudios de psicoanálisis y arte /
_cOsvaldo M. Couso
264 _aArgentina :
_bLazos.
300 _a187 p. ;
_c24x15 cm.
650 0 _afilosofĂ­a
_9153
655 0 _apsicoanalisis
_9442
942 _2udc
_cBK
_n0
999 _c28678
_d28678